000 00748nam a2200265Ia 4500
003 OSt
005 20220918164429.0
006 a|||||r|||| 00| 0
007 ta
008 220917b |||||||| |||| 00| 0 eng d
020 _a0582369398 (pbk)
024 _a192,958
037 _cTextual
040 _aARTS
_cARTS
_beng
041 _2eng
_aeng
082 _aMY:(Y:393), P0
100 _aBoyle Raymond
_918875
245 0 _aPower play
_b sport, the media and popular culture
260 _aHarlow
_bPearson Education
_c2000
300 _axii; 244p.
_ccm.
650 _aINDUSTRIAL ARTS
700 _a Haynes Richard
_918876
942 _hMY:(Y:393), P0
_cTEXL
_2CC
999 _c124750
_d124750